LEADER 00839nam a2200205 i 4500 001 000000023113 003 CaOOAMICUS 005 20180830125446.0 008 180830s1934 fr u000 u und u 040 $aSeMil$bita 100 1 $aHoutryve, Idesbaldo : van .$0(OLS)http://semarc/name/90097 245 13$aLa vie dans la paix /$cpar Dom Idesbaldo van Houtryve moine bénédictin du Mont César. 250 $asixième édition complètement refondue. 260 $aLouvain :$bAbbaye du Mont César,$c1934-1935. 300 $a2 v. ;$c18 cm. 650 4$aPace - Concezione cristiana.$0(OLS)http://semarc/subject/1623 774 0 $tTome premier.$w()187221 774 0 $tTome second.$w()187222 996 $6245$aLa vie dans la paix$9(OLS)http://semarc/title/30972 996 $6260$aLouvain :$bAbbaye du Mont César$9(OLS)http://semarc/publisher/30523 LEADER 01651nam a2200253 i 4500 001 000000205127 003 CaOOAMICUS 005 20110817000000.0 008 110817s1808 it u000 u ita u 013 $a183863 026 $alei- nore o,uo sasa (3) 1808 (A) 040 $aSeMil$bita 100 1 $aBaldinucci, Filippo,$d<1624-1696>.$0(OLS)http://semarc/name/3253 245 10$aCominciamento e progresso dell'arte dell'intagliare in rame colle vite di molti de' più eccellenti maestri della stessa professione opera di Filippo Baldinucci ... con annotazioni del sig. Domenico Maria Manni. 300 $aXII, 287, [1] p., [1] carta di tav. :$britr. 490 0 $aEdizione delle opere classiche italiane 500 $aRitr. calcogr. dell'autore in cornice ovale inciso da G. Benaglia. 700 1 $aBenaglia, Giuseppe .$0(OLS)http://semarc/name/11102 700 1 $aManni, Domenico Maria,$d<1690-1788>.$0(OLS)http://semarc/name/3202 773 0 $aBaldinucci, Filippo <1624-1696>$tOpere di Filippo Baldinucci. Volume 1. [-14.].$dMilano : Tip. de' Classici Italiani, contrada di S. Margherita, n.° 1118, 1808-1812.$kEdizione delle opere classiche italiane$g1$w()25301 830 0$aEdizione delle opere classiche italiane.$0(OLS)http://semarc/title/33675 850 $aSeMil 852 $aSeMil$W1$xVenegono$y1$m1M I 22 FA$j155621$B155621$CSeMilBibl$Z2$F166930 $8I 996 $6245$aCominciamento e progresso dell'arte dell'intagliare in rame colle vite di molti de' più eccellenti maestri della stessa professione opera di Filippo Baldinucci ... con annotazioni del sig. Domenico Maria Manni$9(OLS)http://semarc/title/296967